Los estilos Río Bec, Chenes y Puuc en la arquitectura maya /

Estudio sobre el desarrollo y manifestaciones de la arquitectura clásica maya en las regiones de río Bec, los Chenes y el Puuc, localizadas en la península de Yucatán.

Збережено в:
Бібліографічні деталі
Автор: Gendrop, Paul (autor)
Формат: Книга
Мова:Іспанська
Опубліковано: México : UNAM, 1983, c1983
Предмети:
Теги: Додати тег
Немає тегів, Будьте першим, хто поставить тег для цього запису!

MARC

LEADER 00000nam^a2200000^a^4500
001 000102217
005 20250521000000.0
009 20260310093304.944
020 |a 968-837-046-0 
037 |a Acervo ITESO - Biblioteca 
041 |a ESP 
082 |a 720. 972601  |b GEN 
100 |a Gendrop, Paul  |e (autor) 
245 1 4 |a Los estilos Río Bec, Chenes y Puuc en la arquitectura maya /  |c P. Gendrop. 
264 4 |a México :  |b UNAM,  |c 1983, c1983 
300 |a 243 p. 
336 |a texto  |b txt  |2 rdacontenido 
337 |a sin mediación  |b n  |2 rdamedio 
338 |a volumen  |b nc  |2 rdasoporte 
520 |a Estudio sobre el desarrollo y manifestaciones de la arquitectura clásica maya en las regiones de río Bec, los Chenes y el Puuc, localizadas en la península de Yucatán. 
649 |a XX 
650 |a Arquitectura Maya 
650 |a Arquitectura Prehispánica 
650 |a Arquitectura Mexicana 
650 |a Arquitectura Religiosa 
650 |a Arte Maya 
650 |a Arte Prehispánico 
650 |a Arte Mexicano 
650 |a Arte Religioso 
650 |a Campeche -  |x Descripción 
650 |a Quintana Roo -  |x Descripción 
650 |a Yucatán -  |x Descripción 
650 |a Yucatán (Península) -  |x Descripción 
650 |a México -  |x Historia -  |y Epoca Prehispánica 
910 |a Fondo Jesús Rodríguez 
920 |a Impresos - Libros 
930 |a Fondos Especiales 
905 |a 113 
901 |a 0500037417  |b IT2  |c ESP  |u 20250521 
902 |a https://opac.biblio.iteso.mx/vufind/Record/000102217